Dinosaur Sudden Death - Statistics

General Stats
  • This quiz has been taken 1,047 times
  • The average score is 5 of 15
Answers on the Grid
Answers color-coded by a green-red scale on the quiz's grid according to % correct below.
Velociraptor
Opthalmosaurus
Raphus
Guanlong
Dimetrodon
Koolasuchus
Pachyrhinosaurus
Cynognathus
Tanystropheus
Irritator
Brontomerus
Nyctosaurus
Tyrannosaurus
Pteranodon
Kaiwhekea
Borealopelta
Pelecanimimus
Pannoniasaurus
Stegosaurus
Moschops
Plesiosaurus
Homalocephale
Ichthyosaurus
Dimorphodon
Saurolophus
Triceratops
Dakosaurus
Magnapaulia
Phorusrhacos
Megalania
 
Answer Stats
Answer % Correct
You all knew this one. Velociraptor
98%
I would be shocked if you missed this one. Tyrannosaurus
59%
Interestingly, this is believed to be the last non-avian dinosaur alive. Triceratops
55%
The one in King Kong (1933) did nothing wrong. Stegosaurus
46%
A relative of the Triceratops found in the US and Canada. Pachyrhinosaurus
43%
It’s an ancestor of T. rex that comes from China. Guanlong
34%
A relative of Spinosaurus from South America. Irritator
34%
A thyreophoran whose fossil tells us it has a red color. Borealopelta
24%
Yes, I know it sounds like a off-brand Parasaurolophus. Saurolophus
21%
Homalocephale, like all pachycephalosaurs, are related to Triceratops. Homalocephale
18%
A Ornithomimid whose name means “Pelican Mimic”. Pelecanimimus
16%
Its name means “Thunder Thigh”. Brontomerus
10%
This is a lambeosaurine hadrosaur, which means it’s related to Parasaurolophus of Jurassic Park (1993) fame. Magnapaulia
10%
A terror bird from South America. Phorusrhacos
7%
This is the genus name of the dodo. What? Birds are dinosaurs. Raphus
7%
No matching quizzes found
Score Distribution
Percent of People with Each Score
Percentile by Number Answered
Your Score History
You have not taken this quiz